Terminología, alianza matrimonial y cambio en la sociedad Warao /

Bibliographic Details
Main Author: Suárez, María Matilde
Other Authors: Needham, Rodney
Format: Book
Language:Spanish
Published: Caracas : Universidad Católica Andrés Bello, Instituto de Investigaciones Históricas, Seminario de Lenguas Indígenas, 1972.
Subjects:

MARC

Tag First Indicator Second Indicator Subfields
LEADER 00000cam a2200000 4500
001 in00001180521
005 20151001094205.0
008 740311s1972 xx ab 000 0 spa d
035 |a (OCoLC)00825901 
035 |9 AGG5218AM 
040 |a COO  |c COO  |d UtOrBLW 
049 |a TXAM 
090 |a F2319.2.W3  |b S928 1972 
100 1 |a Suárez, María Matilde. 
245 1 0 |a Terminología, alianza matrimonial y cambio en la sociedad Warao /  |c Maria Matilde Suarez; prólogo por Rodney Needham. 
264 1 |a Caracas :  |b Universidad Católica Andrés Bello, Instituto de Investigaciones Históricas, Seminario de Lenguas Indígenas,  |c 1972. 
300 |a 110 pages :  |b illustrations, folded maps. ;  |c 23cm. 
336 |a text  |b txt  |2 rdacontent 
337 |a unmediated  |b n  |2 rdamedia 
338 |a volume  |b nc  |2 rdacarrier 
500 |a "La versión original ... apareció en la revista Nieuwe West-Indische gids, number 1, volume 48 ...bajo el título "Terminology, alliance and change in Warao society"." 
504 |a Bibliography: pages 105-109. 
650 0 |a Warao Indians. 
650 0 |a Kinship. 
700 1 |a Suárez, María Matilde.  |t Terminology, alliance and change in Warao society.  |l Spanish. 
700 1 |a Needham, Rodney. 
999 |a MARS 
999 f f |s 2a5ab948-f935-3623-92d9-0ad680214ff4  |i 336a8685-d226-3d60-a53e-3f72fe5ba3f6  |t 0 
952 f f |p ric  |a Texas A&M University  |b Rellis Campus  |c Joint Library Facility  |d Remote Storage  |t 0  |e F2319.2.W3 S928 1972  |h Library of Congress classification  |i unmediated -- volume  |m A14818670484 
998 f f |a F2319.2.W3 S928 1972  |t 0  |l Remote Storage